Statistics for CS2: Guess PRO

Click here to take the quiz!

General Stats

  • This quiz has been taken 88 times
  • The average score is 9 of 16

Answer Stats

Answer% Correct
donk
99%
m0NESY
89%
jL
88%
Stewie2k
88%
smooya
69%
jkaem
64%
acoR
61%
JT
61%
JACKZ
59%
kioShiMa
53%
flamie
51%
Lekr0
38%
Bymas
35%
DickStacy
24%
gxx-
24%
Kyojin
20%

Score Distribution

Percentile by Number Answered

Percent of People with Each Score

Your Score History

You have not taken this quiz